[Event "WSTCC-50 2024"]
[Site "Krakow"]
[Date "2024.07.09"]
[Round "7.23"]
[White "Czyz, Andrzej"]
[Black "Harstad, Christian"]
[Result "1-0"]
[WhiteElo "1921"]
[BlackElo "1917"]
[Annotator "NA RC"]
[PlyCount "75"]
[EventDate "2024.07.01"]
[EventType "team-tourn"]
[EventCountry "POL"]
[SourceTitle "playchess.com"]
[Source "ChessBase"]
[SourceQuality "1"]

1. d4 Nf6 2. c4 c5 3. d5 e6 4. Nc3 exd5 5. cxd5 d6 6. e4 g6 7. h3 Bg7 8. Nf3 O-O 9. Bd3 b5 10. O-O c4 11. Bc2 Re8 12. Bg5 Qb6 13. Re1 Nfd7 14. Be3 Nc5 15. Bd4 f6 16. b4 cxb3 17. axb3 b4 18. Na4 Qc7 19. Nxc5 dxc5 20. Bb2 Qd6 21. Bd3 Nd7 22. Bb5 Bb7 23. Qc2 Rec8 24. Qe2 Nb6 25. Ba6 Rab8 26. Nd2 Rc7 27. Bd3 Bc8 28. Nc4 Nxc4 29. Bxc4 g5 30. e5 fxe5 31. Bxe5 Bxe5 32. Qxe5 Qxe5 33. Rxe5 Rg7 34. Re8+ Kf7 35. Rxa7+ Kxe8 36. Rxg7 Rb6 37. Rxh7 Bf5 38. Rc7 1-0

[Event "WSTCC-50 2024"]
[Site "Krakow"]
[Date "2024.07.09"]
[Round "7.23"]
[White "Richter, Ulrike"]
[Black "Kohnen, Marc"]
[Result "1-0"]
[WhiteElo "1904"]
[BlackElo "1837"]
[Annotator "NA RC"]
[PlyCount "63"]
[EventDate "2024.07.01"]
[EventType "team-tourn"]
[EventCountry "POL"]
[SourceTitle "playchess.com"]
[Source "ChessBase"]
[SourceQuality "1"]

1. c4 c5 2. Nc3 Nc6 3. g3 g6 4. Bg2 Bg7 5. d3 d6 6. e3 Nf6 7. Nge2 O-O 8. O-O Bf5 9. e4 Bg4 10. h3 Bd7 11. Be3 Rc8 12. Qd2 Re8 13. Rab1 Ne5 14. f4 Nc6 15. Kh2 e6 16. a3 b6 17. b4 cxb4 18. axb4 Qc7 19. Rfc1 e5 20. c5 exf4 21. gxf4 dxc5 22. Nb5 Qb8 23. bxc5 bxc5 24. Bxc5 Bf8 25. Nd6 Bxd6 26. Rxb8 Bxb8 27. Kg1 Rcd8 28. Qc3 Nh5 29. Be3 a5 30. e5 Nb4 31. Ra1 Nd5 32. Bxd5 1-0

[Event "WSTCC-50 2024"]
[Site "Krakow"]
[Date "2024.07.09"]
[Round "7.24"]
[White "Johnsen, Sylvia"]
[Black "Wielosz, Jaroslaw"]
[Result "1/2-1/2"]
[WhiteElo "1878"]
[BlackElo "1920"]
[Annotator "RC"]
[PlyCount "148"]
[EventDate "2024.07.01"]
[EventType "team-tourn"]
[EventCountry "POL"]
[SourceTitle "playchess.com"]
[Source "ChessBase"]
[SourceQuality "1"]

1. e4 c5 2. Nc3 Nc6 3. g3 g6 4. Bg2 Bg7 5. d3 e6 6. Nge2 Nge7 7. Be3 Nd4 8. Qd2 d6 9. Nd1 Nxe2 10. Qxe2 Rb8 11. a4 b6 12. O-O O-O 13. Qd2 Bb7 14. a5 b5 15. d4 cxd4 16. Bxd4 Bxd4 17. Qxd4 Nc6 18. Qd2 a6 19. Ne3 Qf6 20. c3 Rbd8 21. f4 h5 22. b4 Qg7 23. f5 Qh6 24. f6 Ne5 25. h3 Rc8 26. Qd4 Rfd8 27. Rac1 Nc4 28. Nc2 e5 29. Qd3 Qd2 30. Rfd1 Qxd3 31. Rxd3 Nb2 32. Re3 Nc4 33. Re2 g5 34. Bf3 d5 35. exd5 Bxd5 36. Bxh5 Be6 37. Ne3 Rd3 38. Kf2 Nxe3 39. Rxe3 Rxe3 40. Kxe3 Bxh3 41. Ke4 Rc6 42. Bf3 Rxf6 43. c4 bxc4 44. Rxc4 Bd7 45. Bd1 Rf1 46. Bb3 Re1+ 47. Kf3 g4+ 48. Kf2 Rb1 49. Bc2 Rb2 50. Ke3 Kg7 51. Kd2 Be6 52. Kc1 Ra2 53. Rc3 Ra1+ 54. Kd2 Kf6 55. Bd3 Ra2+ 56. Ke1 Rb2 57. Bxa6 Rxb4 58. Ra3 Bd5 59. Bc8 Ke7 60. a6 Kd8 61. Rc3 Rc4 62. Rd3 Kxc8 63. Rxd5 Re4+ 64. Kf2 Kb8 65. Rd7 f5 66. a7+ Ka8 67. Re7 f4 68. gxf4 Rxf4+ 69. Kg3 Re4 70. Rf7 Ra4 71. Re7 Rxa7 72. Rxa7+ Kxa7 73. Kxg4 Kb6 74. Kf5 Kc6 1/2-1/2

[Event "WSTCC-50 2024"]
[Site "Krakow"]
[Date "2024.07.09"]
[Round "7.24"]
[White "Kayser, Pierrot"]
[Black "Mai, Iris"]
[Result "1/2-1/2"]
[WhiteElo "1764"]
[BlackElo "1972"]
[Annotator "NA RC"]
[PlyCount "49"]
[EventDate "2024.07.01"]
[EventType "team-tourn"]
[EventCountry "POL"]
[SourceTitle "playchess.com"]
[Source "ChessBase"]
[SourceQuality "1"]

1. d4 Nf6 2. Bf4 e6 3. Nc3 Bb4 4. Qd3 Nd5 5. Bd2 Nxc3 6. Bxc3 Be7 7. e4 d5 8. e5 b6 9. Qg3 Kf8 10. Nf3 Ba6 11. Bd3 Bxd3 12. cxd3 a5 13. O-O Na6 14. a3 g6 15. Bd2 Kg7 16. Bg5 h6 17. Bxe7 Qxe7 18. Qf4 Rhc8 19. Rac1 c6 20. h4 Rc7 21. Rc3 Rac8 22. Rfc1 Nb8 23. g4 f5 24. exf6+ Qxf6 25. Qxf6+ 1/2-1/2

[Event "WSTCC-50 2024"]
[Site "Krakow"]
[Date "2024.07.10"]
[Round "8.1"]
[White "Ehlvest, Jaan"]
[Black "Oratovsky, Michael"]
[Result "1-0"]
[WhiteElo "2528"]
[BlackElo "2417"]
[Annotator "TA"]
[PlyCount "39"]
[EventDate "2024.07.01"]
[EventType "team-tourn"]
[EventCountry "POL"]
[SourceTitle "playchess.com"]
[Source "ChessBase"]
[SourceQuality "1"]

1. e4 c5 2. Nf3 e6 3. d4 cxd4 4. Nxd4 a6 5. Bd3 Bc5 6. Nb3 Be7 7. Be3 Nf6 8. Nc3 d6 9. f4 Nbd7 10. g4 h6 11. Qf3 g5 12. e5 dxe5 13. fxg5 hxg5 14. O-O-O Rg8 15. Rhf1 Rg7 16. h4 Ng8 17. Ne4 gxh4 18. g5 Qc7 19. Qh5 Bf8 20. Rxf7 1-0

[Event "WSTCC-50 2024"]
[Site "Krakow"]
[Date "2024.07.10"]
[Round "8.1"]
[White "Sokolin, Leonid"]
[Black "Krause, Ullrich"]
[Result "1-0"]
[WhiteElo "2454"]
[BlackElo "2171"]
[Annotator "TA"]
[PlyCount "73"]
[EventDate "2024.07.01"]
[EventType "team-tourn"]
[EventCountry "POL"]
[SourceTitle "playchess.com"]
[Source "ChessBase"]
[SourceQuality "1"]

1. e4 e6 2. d4 d5 3. Nc3 Bb4 4. e5 c5 5. Bd2 Nc6 6. Nb5 Bxd2+ 7. Qxd2 Nxd4 8. Nxd4 cxd4 9. h4 f5 10. Nf3 Qb6 11. O-O-O Nh6 12. Nxd4 Bd7 13. Be2 Nf7 14. f4 h5 15. Rh3 g6 16. Rg3 Rh6 17. Rb3 Qc7 18. Qb4 Nd8 19. Bb5 Bc6 20. Qc5 Rh7 21. Rc3 a6 22. Nxc6 axb5 23. Nb4 Qxc5 24. Rxc5 Ra5 25. Rd3 b6 26. Rc8 Kd7 27. Rdc3 Ra7 28. Rb8 Rb7 29. Rxb7+ Nxb7 30. Rc6 g5 31. hxg5 Nd8 32. Rxb6 h4 33. Rxb5 h3 34. gxh3 Rxh3 35. b3 Rf3 36. Nd3 Nc6 37. Nc5+ 1-0

[Event "WSTCC-50 2024"]
[Site "Krakow"]
[Date "2024.07.10"]
[Round "8.1"]
[White "Baginskaite, Kamile"]
[Black "Jhunjhnuwala, Krishan"]
[Result "1/2-1/2"]
[WhiteElo "2057"]
[BlackElo "2227"]
[Annotator "RC"]
[PlyCount "37"]
[EventDate "2024.07.01"]
[EventType "team-tourn"]
[EventCountry "POL"]
[SourceTitle "playchess.com"]
[Source "ChessBase"]
[SourceQuality "1"]

1. d4 Nf6 2. Nf3 g6 3. c4 c5 4. d5 b5 5. cxb5 a6 6. b6 d6 7. Nc3 Nbd7 8. e4 Rb8 9. Nd2 Nxb6 10. a4 Bg7 11. Bd3 Qc7 12. Qe2 Qa7 13. a5 Nbd7 14. Nc4 O-O 15. O-O Ne8 16. Bf4 Rb4 17. Na2 Rb8 18. Nc3 Rb4 19. Na2 1/2-1/2

[Event "WSTCC-50 2024"]
[Site "Krakow"]
[Date "2024.07.10"]
[Round "8.2"]
[White "Fleish, Felix"]
[Black "Shabalov, Alexander"]
[Result "0-1"]
[WhiteElo "2161"]
[BlackElo "2467"]
[Annotator "TA"]
[PlyCount "64"]
[EventDate "2024.07.01"]
[EventType "team-tourn"]
[EventCountry "POL"]
[SourceTitle "playchess.com"]
[Source "ChessBase"]
[SourceQuality "1"]

1. e4 c5 2. Nf3 e6 3. Nc3 Nc6 4. Bb5 Nge7 5. O-O a6 6. Bxc6 Nxc6 7. d4 cxd4 8. Nxd4 d6 9. Re1 Be7 10. Nxc6 bxc6 11. Qg4 Kf8 12. e5 d5 13. b3 h5 14. Qf3 Qc7 15. Bb2 c5 16. Ne2 Bb7 17. Nf4 Rh6 18. Nxh5 d4 19. Re4 Rd8 20. Rae1 Qa5 21. Ng3 Qxe1+ 22. Rxe1 Bxf3 23. gxf3 Rd5 24. f4 Ke8 25. f5 Bg5 26. Re4 Rh4 27. fxe6 fxe6 28. Rxh4 Bxh4 29. f4 d3 30. cxd3 Bxg3 31. hxg3 Rxd3 32. Ba3 c4 0-1

[Event "WSTCC-50 2024"]
[Site "Krakow"]
[Date "2024.07.10"]
[Round "8.2"]
[White "Lampe, Dirk"]
[Black "Paschall, William"]
[Result "1/2-1/2"]
[WhiteElo "2158"]
[BlackElo "2312"]
[Annotator "TA"]
[PlyCount "89"]
[EventDate "2024.07.01"]
[EventType "team-tourn"]
[EventCountry "POL"]
[SourceTitle "playchess.com"]
[Source "ChessBase"]
[SourceQuality "1"]

1. e4 c5 2. Nf3 Nc6 3. d4 cxd4 4. Nxd4 Qb6 5. Nb3 g6 6. Be2 Bg7 7. O-O d6 8. a4 Qc7 9. a5 Be6 10. a6 bxa6 11. Bd2 Nf6 12. Nc3 Nb4 13. Bf3 Rb8 14. Ra3 O-O 15. Bg5 Rfe8 16. Qd2 Nd7 17. Rc1 Ne5 18. Be2 Rec8 19. Na5 Re8 20. Kh1 Nd7 21. Be3 Nc5 22. f3 Rec8 23. Bd4 Bxd4 24. Qxd4 Nd7 25. Qd2 Qc5 26. f4 f6 27. Bf3 Nb6 28. Re1 Rc7 29. e5 dxe5 30. Ne4 Qd4 31. Qxd4 exd4 32. Nxf6+ exf6 33. Rxe6 Rxc2 34. h3 Rxb2 35. Nc6 Nxc6 36. Rxc6 Rd8 37. Rxa6 Rb1+ 38. Kh2 d3 39. Rxa7 d2 40. Rcc7 d1=Q 41. Rg7+ Kf8 42. Raf7+ Ke8 43. Re7+ Kf8 44. Ref7+ Ke8 45. Re7+ 1/2-1/2

[Event "WSTCC-50 2024"]
[Site "Krakow"]
[Date "2024.07.10"]
[Round "8.2"]
[White "Jhunjhnuwala, Naresh"]
[Black "Norinkeviciute, Rasa"]
[Result "1/2-1/2"]
[WhiteElo "2009"]
[BlackElo "1922"]
[Annotator "NA RC"]
[PlyCount "180"]
[EventDate "2024.07.01"]
[EventType "team-tourn"]
[EventCountry "POL"]
[SourceTitle "playchess.com"]
[Source "ChessBase"]
[SourceQuality "1"]

1. e4 c5 2. Nc3 Nc6 3. f4 g6 4. Nf3 Bg7 5. Bc4 a6 6. O-O e6 7. a4 Nd4 8. d3 Ne7 9. e5 d5 10. exd6 Qxd6 11. Ne4 Qc7 12. c3 Ndf5 13. Qe2 O-O 14. g4 Nd6 15. Bb3 Nd5 16. Nxd6 Qxd6 17. Ne5 Rb8 18. Bd1 b6 19. Qe1 Qc7 20. Qg3 Ne7 21. h4 Kh8 22. Rf2 Bb7 23. Bd2 Rbd8 24. Be2 f6 25. Nf3 Qc6 26. Rh2 h6 27. Rf1 Rg8 28. Qh3 h5 29. Kf2 Bh6 30. g5 fxg5 31. hxg5 Bf8 32. Ne5 Qe8 33. Qxe6 Bd5 34. Qh3 Rg7 35. Nxg6+ Qxg6 36. Bxh5 Qh7 37. Bg4 Qxh3 38. Rxh3+ Kg8 39. f5 Nxf5 40. Bxf5 Be7 41. g6 Rf8 42. Rh5 Rxg6 43. Rg1 Rxg1 44. Kxg1 Rf7 45. Be4 Rg7+ 46. Kf2 Bf7 47. Rh2 Be6 48. Rg2 Bh4+ 49. Kf3 Rxg2 50. Kxg2 Bd7 51. a5 bxa5 52. Bb7 Kf7 53. Bxa6 Bc6+ 54. Kh3 Bd8 55. Be3 Be7 56. Kg3 Kf6 57. Bf4 a4 58. c4 Be8 59. Bb5 Bg6 60. Bxa4 Bxd3 61. Bb5 Ke6 62. Kf3 Bf6 63. b3 Bc2 64. Ba4 Bc3 65. Ke3 Bf6 66. Kd2 Be4 67. Be3 Kd6 68. Be8 Be5 69. Bh5 Bf5 70. Be2 Kc6 71. Bd3 Bg4 72. Be4+ Kd6 73. Kc2 Bd7 74. Bd2 Be6 75. Bc3 Bg3 76. Bg7 Bf2 77. Kd3 Bg4 78. Bh6 Bd1 79. Bf8+ Ke5 80. b4 cxb4 81. Bxb4 Bb6 82. Bc3+ Kd6 83. Bb4+ Bc5 84. Bd2 Bh5 85. Bf4+ Ke6 86. Bd5+ Kd7 87. Kc3 Bd1 88. Kd3 Bh5 89. Be5 Bg6+ 90. Kc3 Bh5 1/2-1/2

[Event "WSTCC-50 2024"]
[Site "Krakow"]
[Date "2024.07.10"]
[Round "8.3"]
[White "Khachiyan, Melikset"]
[Black "Linik, Yaron"]
[Result "1-0"]
[WhiteElo "2435"]
[BlackElo "1910"]
[Annotator "TA"]
[PlyCount "63"]
[EventDate "2024.07.01"]
[EventType "team-tourn"]
[EventCountry "POL"]
[SourceTitle "playchess.com"]
[Source "ChessBase"]
[SourceQuality "1"]

1. d4 Nf6 2. Nf3 g6 3. g3 d6 4. Bg2 Bg7 5. O-O O-O 6. c4 Nbd7 7. Nc3 e5 8. h3 h6 9. Be3 Nh5 10. dxe5 dxe5 11. Qc2 f5 12. Rad1 c6 13. g4 Nf4 14. Bxf4 exf4 15. gxf5 Rxf5 16. Rd6 Rf6 17. Rfd1 Qe7 18. Rxf6 Qxf6 19. Rd4 Ne5 20. Nxe5 Qxe5 21. Rd8+ Kf7 22. Ne4 Qxb2 23. Qd1 Qa1 24. Nd6+ Ke6 25. Qxa1 Bxa1 26. Nxc8 Bf6 27. Rf8 Bc3 28. h4 Bf6 29. Bh3+ Ke5 30. e3 Bxh4 31. Re8+ Kf6 32. exf4 1-0

[Event "WSTCC-50 2024"]
[Site "Krakow"]
[Date "2024.07.10"]
[Round "8.3"]
[White "Ginsburg, Mark"]
[Black "Staeblein, Christoph"]
[Result "1-0"]
[WhiteElo "2272"]
[BlackElo "1991"]
[Annotator "TA"]
[PlyCount "45"]
[EventDate "2024.07.01"]
[EventType "team-tourn"]
[EventCountry "POL"]
[SourceTitle "playchess.com"]
[Source "ChessBase"]
[SourceQuality "1"]

1. c4 Nf6 2. Nc3 e6 3. e4 d5 4. e5 d4 5. exf6 dxc3 6. bxc3 Qxf6 7. Nf3 e5 8. Bd3 Na6 9. O-O Bd6 10. Bc2 Bg4 11. d4 Bxf3 12. Qxf3 Qxf3 13. gxf3 O-O 14. c5 Be7 15. Re1 f6 16. f4 Rae8 17. fxe5 fxe5 18. Rxe5 Bf6 19. Rxe8 Rxe8 20. Bf4 Re7 21. Rb1 b6 22. a4 bxc5 23. Bd3 1-0

[Event "WSTCC-50 2024"]
[Site "Krakow"]
[Date "2024.07.10"]
[Round "8.3"]
[White "Baliuniene, Margarita"]
[Black "Jhunjhnuwala, Ramesh"]
[Result "1-0"]
[WhiteElo "1960"]
[BlackElo "2050"]
[Annotator "NA RC"]
[PlyCount "117"]
[EventDate "2024.07.01"]
[EventType "team-tourn"]
[EventCountry "POL"]
[SourceTitle "playchess.com"]
[Source "ChessBase"]
[SourceQuality "1"]

1. d4 Nf6 2. Nf3 d5 3. c4 e6 4. Nc3 Be7 5. Bg5 O-O 6. e3 b6 7. Bd3 dxc4 8. Bxc4 Bb7 9. O-O Nbd7 10. Rc1 c5 11. Qe2 Ne4 12. Nxe4 Bxe4 13. Bf4 Bxf3 14. Qxf3 cxd4 15. exd4 Bg5 16. d5 exd5 17. Bxd5 Bxf4 18. Qxf4 Rc8 19. Rxc8 Qxc8 20. Rc1 Qe8 21. h3 Nc5 22. Qf3 a5 23. Rc2 Qe1+ 24. Kh2 Qe5+ 25. g3 Ne6 26. Re2 Qd6 27. Bxe6 fxe6 28. Qe4 h6 29. f4 Rc8 30. h4 Qd5 31. Qxd5 exd5 32. Rd2 Kf7 33. Kg2 Ke6 34. Kf3 g6 35. Kg4 Rd8 36. Rd4 Rg8 37. b4 a4 38. a3 Kd6 39. Rd3 Ke6 40. h5 gxh5+ 41. Kxh5 d4 42. g4 Kd5 43. f5 Ke4 44. Rd1 d3 45. f6 Ke3 46. f7 Rf8 47. Kg6 Ke2 48. Rh1 d2 49. Kg7 Rxf7+ 50. Kxf7 d1=Q 51. Rxd1 Kxd1 52. Kg6 Kc2 53. Kxh6 Kb3 54. g5 Kxa3 55. g6 Kb2 56. g7 a3 57. g8=Q a2 58. Qg7+ Kb1 59. Qg1+ 1-0

[Event "WSTCC-50 2024"]
[Site "Krakow"]
[Date "2024.07.10"]
[Round "8.4"]
[White "Koop, Thilo"]
[Black "Koganov, Mikhail"]
[Result "1/2-1/2"]
[WhiteElo "2088"]
[BlackElo "2177"]
[Annotator "RC"]
[PlyCount "83"]
[EventDate "2024.07.01"]
[EventType "team-tourn"]
[EventCountry "POL"]
[SourceTitle "playchess.com"]
[Source "ChessBase"]
[SourceQuality "1"]

1. e4 c5 2. Nf3 d6 3. d4 cxd4 4. Nxd4 Nf6 5. Nc3 g6 6. g3 Nc6 7. Nde2 b6 8. Bg2 Bb7 9. O-O Bg7 10. h3 O-O 11. Bg5 a6 12. Nd5 Nxd5 13. exd5 Ne5 14. b3 h6 15. Be3 b5 16. Rc1 Rc8 17. Qd2 Kh7 18. f4 Nd7 19. f5 g5 20. h4 gxh4 21. f6 Nxf6 22. Rxf6 Bxf6 23. Be4+ Kh8 24. Bd4 Kg7 25. Qf4 Rg8 26. Rf1 Kf8 27. Qxh6+ Ke8 28. Bxf6 exf6 29. Rxf6 Qe7 30. Qxh4 Rc7 31. Nd4 Bc8 32. Nc6 Rxc6 33. dxc6 d5 34. Bg2 Qc5+ 35. Kh2 Be6 36. Qh7 Rg6 37. Rxg6 fxg6 38. c7 Qxc2 39. Qh8+ Kf7 40. Qd8 g5 41. Qxg5 Qxc7 42. Qh5+ 1/2-1/2

[Event "WSTCC-50 2024"]
[Site "Krakow"]
[Date "2024.07.10"]
[Round "8.4"]
[White "Jhunjhnuwala, Suresh"]
[Black "Buriene, Regina"]
[Result "1-0"]
[WhiteElo "1888"]
[BlackElo "1904"]
[Annotator "NA RC"]
[PlyCount "49"]
[EventDate "2024.07.01"]
[EventType "team-tourn"]
[EventCountry "POL"]
[SourceTitle "playchess.com"]
[Source "ChessBase"]
[SourceQuality "1"]

1. e4 e5 2. Nf3 Nc6 3. d4 exd4 4. Nxd4 d6 5. Nc3 Nf6 6. Be2 Be7 7. Be3 O-O 8. f4 Re8 9. O-O Bf8 10. Bf3 Nxd4 11. Bxd4 Rb8 12. Bxa7 Ra8 13. Bd4 c5 14. Bf2 Rb8 15. Bg3 Qb6 16. Rb1 Bd7 17. e5 dxe5 18. fxe5 Rbd8 19. exf6 Bb5 20. Nd5 Bxf1 21. Nxb6 Rxd1 22. Rxd1 Ba6 23. Nd7 Ra8 24. Nxf8 Kxf8 25. Bd6+ 1-0

[Event "WSTCC-50 2024"]
[Site "Krakow"]
[Date "2024.07.10"]
[Round "8.4"]
[White "Bulkovstein, David"]
[Black "Novikov, Igor"]
[Result "0-1"]
[WhiteElo "1842"]
[BlackElo "2509"]
[Annotator "TA"]
[PlyCount "82"]
[EventDate "2024.07.01"]
[EventType "team-tourn"]
[EventCountry "POL"]
[SourceTitle "playchess.com"]
[Source "ChessBase"]
[SourceQuality "1"]

1. e4 c5 2. Nc3 d6 3. g3 Nc6 4. Bg2 g6 5. d3 Bg7 6. Be3 Rb8 7. Qd2 b5 8. Nge2 b4 9. Nd1 Nd4 10. O-O Qa5 11. Nc1 Qa4 12. Nb3 Be6 13. Bxd4 cxd4 14. f4 Qa6 15. Nf2 Qb6 16. Nc1 Nf6 17. Ne2 O-O 18. Bf3 Rfc8 19. g4 Rc7 20. Ng3 Nd7 21. Rfc1 Rbc8 22. Bd1 f6 23. h4 Bf7 24. Kh2 a5 25. b3 Rc5 26. a3 e5 27. axb4 Qxb4 28. Qxb4 axb4 29. Rcb1 exf4 30. Ne2 Rxc2 31. Kg1 R2c5 32. Nxf4 Bh6 33. N2h3 Ne5 34. g5 fxg5 35. hxg5 Bf8 36. Nf2 Be7 37. N4h3 Be6 38. Be2 Rc2 39. Nf4 Bd7 40. Nd5 Bxg5 41. Bd1 Rd2 0-1

[Event "WSTCC-50 2024"]
[Site "Krakow"]
[Date "2024.07.10"]
[Round "8.5"]
[White "Mrva, Martin"]
[Black "Hjartarson, Johann"]
[Result "1-0"]
[WhiteElo "2361"]
[BlackElo "2472"]
[Annotator "TA"]
[PlyCount "87"]
[EventDate "2024.07.01"]
[EventType "team-tourn"]
[EventCountry "POL"]
[SourceTitle "playchess.com"]
[Source "ChessBase"]
[SourceQuality "1"]

1. e4 e5 2. Nf3 Nc6 3. Bb5 a6 4. Ba4 Nf6 5. O-O Be7 6. Re1 b5 7. Bb3 O-O 8. c3 d6 9. h3 h6 10. d4 Re8 11. Nbd2 Bf8 12. Nf1 Bb7 13. Ng3 Na5 14. Bc2 Nc4 15. a4 c5 16. d5 Nb6 17. Nd2 c4 18. b3 cxb3 19. Bxb3 Qc7 20. Re3 g6 21. Rf3 Nh7 22. a5 Nd7 23. c4 Rec8 24. Bc2 h5 25. Rb3 Bh6 26. Rb4 Nhf6 27. Qf3 Qd8 28. Ngf1 Kg7 29. Ne3 Rc7 30. Bd3 Nc5 31. Bf1 Rac8 32. Ba3 bxc4 33. Rxc4 Nh7 34. Rb1 Ba8 35. Rb6 Bf4 36. g3 Bxe3 37. Qxe3 f5 38. Bxc5 Rxc5 39. Rxc5 Rxc5 40. Nc4 fxe4 41. Rxd6 Qc7 42. Qxe4 Nf6 43. Qxe5 Qf7 44. Nb6 1-0

[Event "WSTCC-50 2024"]
[Site "Krakow"]
[Date "2024.07.10"]
[Round "8.5"]
[White "Plotkin, Victor"]
[Black "Lima, Darcy"]
[Result "1/2-1/2"]
[WhiteElo "2264"]
[BlackElo "2392"]
[Annotator "TA"]
[PlyCount "77"]
[EventDate "2024.07.01"]
[EventType "team-tourn"]
[EventCountry "POL"]
[SourceTitle "playchess.com"]
[Source "ChessBase"]
[SourceQuality "1"]

1. e4 d6 2. d4 g6 3. Nc3 Bg7 4. Be3 Nf6 5. f3 O-O 6. h4 h5 7. Nh3 Bxh3 8. Rxh3 Nc6 9. Be2 e5 10. d5 Nd4 11. Bxd4 exd4 12. Qxd4 c6 13. dxc6 bxc6 14. Rd1 Nd5 15. Qd2 Nxc3 16. bxc3 Qa5 17. Kf1 Qxa2 18. f4 Qe6 19. Qxd6 Qxe4 20. Bd3 Qd5 21. Qxd5 cxd5 22. Ba6 Rfd8 23. Rhd3 Rab8 24. Rxd5 Rxd5 25. Rxd5 Rb6 26. Rd8+ Bf8 27. Bc4 Rc6 28. Bb3 Rc7 29. Ke2 Kg7 30. Ra8 Be7 31. g3 Bf6 32. c4 Bd4 33. Rd8 Bc5 34. Rd5 f5 35. Ba4 Kf7 36. Bb5 Ke7 37. Re5+ Kf6 38. Rd5 Ke7 39. Re5+ 1/2-1/2

[Event "WSTCC-50 2024"]
[Site "Krakow"]
[Date "2024.07.10"]
[Round "8.5"]
[White "Bouah, Lyndon"]
[Black "Delaney, John"]
[Result "1-0"]
[WhiteElo "1996"]
[BlackElo "2167"]
[Annotator "RC"]
[PlyCount "111"]
[EventDate "2024.07.01"]
[EventType "team-tourn"]
[EventCountry "POL"]
[SourceTitle "playchess.com"]
[Source "ChessBase"]
[SourceQuality "1"]

1. d4 e6 2. c4 f5 3. Nc3 Nf6 4. g3 Bb4 5. Bd2 c5 6. a3 Bxc3 7. Bxc3 Ne4 8. Qd3 Nxc3 9. Qxc3 Qf6 10. e3 cxd4 11. Qxd4 O-O 12. Qxf6 Rxf6 13. Ne2 Nc6 14. Nc3 b6 15. Nb5 Bb7 16. Bg2 Na5 17. Bxb7 Nxb7 18. Rd1 Rf7 19. Ke2 Kf8 20. Rd2 Ke7 21. Rhd1 Kd8 22. b3 a6 23. Nd4 Kc7 24. b4 e5 25. Nf3 d6 26. e4 h6 27. exf5 Rxf5 28. Nh4 Rf7 29. Ng2 Raf8 30. Ke1 Kc6 31. Ne3 Rf3 32. Rb2 Kd7 33. Rd5 Ke6 34. Rbd2 Rc8 35. Ke2 Rcf8 36. Ke1 Rc8 37. Kf1 h5 38. Kg2 Rcf8 39. h4 g6 40. R5d3 b5 41. cxb5 axb5 42. Rd5 R3f7 43. Rxb5 Ra8 44. Nc4 Rc7 45. Rxb7 Rxb7 46. Rxd6+ Kf5 47. f3 e4 48. f4 e3 49. Kf3 Re7 50. Nxe3+ Rxe3+ 51. Kxe3 Rxa3+ 52. Rd3 Ra7 53. Rd5+ Kf6 54. Kd4 Ra3 55. Rg5 Ra1 56. b5 1-0

[Event "WSTCC-50 2024"]
[Site "Krakow"]
[Date "2024.07.10"]
[Round "8.6"]
[White "Petursson, Margeir"]
[Black "Motuz, Karol"]
[Result "1-0"]
[WhiteElo "2397"]
[BlackElo "2293"]
[Annotator "TA"]
[PlyCount "47"]
[EventDate "2024.07.01"]
[EventType "team-tourn"]
[EventCountry "POL"]
[SourceTitle "playchess.com"]
[Source "ChessBase"]
[SourceQuality "1"]

1. c4 e6 2. g3 d5 3. Bg2 Nf6 4. d4 dxc4 5. Nf3 a6 6. O-O Nc6 7. Qc2 Nxd4 8. Nxd4 Qxd4 9. Nd2 Nd5 10. Nxc4 Be7 11. a3 O-O 12. Rd1 Qa7 13. e4 Nf6 14. Bf4 c5 15. Ne5 Re8 16. Nxf7 Kxf7 17. e5 g6 18. exf6 Bxf6 19. Bh6 b6 20. Rd6 Rb8 21. Rad1 Re7 22. Qe4 Rbb7 23. Qf4 Rbd7 24. Bg5 1-0

[Event "WSTCC-50 2024"]
[Site "Krakow"]
[Date "2024.07.10"]
[Round "8.6"]
[White "Becker, Rogerio Sperb"]
[Black "Cummings, David H."]
[Result "1/2-1/2"]
[WhiteElo "2053"]
[BlackElo "2314"]
[Annotator "TA"]
[PlyCount "121"]
[EventDate "2024.07.01"]
[EventType "team-tourn"]
[EventCountry "POL"]
[SourceTitle "playchess.com"]
[Source "ChessBase"]
[SourceQuality "1"]

1. c4 e6 2. g3 d5 3. Bg2 Nf6 4. Nf3 d4 5. O-O c5 6. e3 Nc6 7. exd4 cxd4 8. d3 h6 9. Bf4 Nd7 10. Na3 Bc5 11. Re1 O-O 12. Nc2 a5 13. h4 Re8 14. Ne5 Ndxe5 15. Bxe5 f6 16. Bf4 e5 17. Bd5+ Be6 18. Bxe6+ Rxe6 19. Bd2 Qd7 20. a3 a4 21. Qf3 Ne7 22. Bb4 Rc8 23. Bxc5 Rxc5 24. Nb4 Rd6 25. Re2 b5 26. cxb5 Qxb5 27. Rae1 Nc6 28. Nxc6 Qxc6 29. Qxc6 Rdxc6 30. Kg2 Rb6 31. Rd1 Kf7 32. Rdd2 Rb3 33. f4 exf4 34. gxf4 Kg6 35. Re4 Rd5 36. Kf3 h5 37. Re7 Rdb5 38. Ke4 Rxb2 39. f5+ Kh6 40. Rxb2 Rxb2 41. Kxd4 Ra2 42. Re8 g5 43. fxg6 Kxg6 44. Ra8 Rxa3 45. Ke4 Ra1 46. Rg8+ Kf7 47. Rg2 a3 48. Kd5 a2 49. d4 f5 50. Kd6 Kf6 51. d5 f4 52. Rc2 Kf5 53. Kc6 Kg4 54. d6 Kxh4 55. d7 Rd1 56. Rxa2 f3 57. Ra8 f2 58. Rf8 Kg3 59. Rg8+ Kf3 60. Rf8+ Kg2 61. Rg8+ 1/2-1/2

[Event "WSTCC-50 2024"]
[Site "Krakow"]
[Date "2024.07.10"]
[Round "8.6"]
[White "McHugh, Kevin"]
[Black "Bhawoodien, Shabir Hussain"]
[Result "1/2-1/2"]
[WhiteElo "1938"]
[BlackElo "1990"]
[Annotator "NA RC"]
[PlyCount "51"]
[EventDate "2024.07.01"]
[EventType "team-tourn"]
[EventCountry "POL"]
[SourceTitle "playchess.com"]
[Source "ChessBase"]
[SourceQuality "1"]

1. e4 e5 2. Nf3 Nc6 3. Bb5 a6 4. Ba4 Nf6 5. O-O Be7 6. Re1 b5 7. Bb3 O-O 8. a4 b4 9. d3 d6 10. Nbd2 h6 11. h3 Rb8 12. c3 Na5 13. Bc2 Be6 14. d4 exd4 15. Nxd4 Bd7 16. N2b3 Nxb3 17. Bxb3 bxc3 18. bxc3 Re8 19. Bf4 Bf8 20. e5 dxe5 21. Bxe5 Bc5 22. Bc4 a5 23. Nb5 Bb6 24. Nd4 Re7 25. Qd2 Be8 26. Qf4 1/2-1/2

[Event "WSTCC-50 2024"]
[Site "Krakow"]
[Date "2024.07.10"]
[Round "8.7"]
[White "Briestensky, Rastislav"]
[Black "Arnason, Jon L"]
[Result "1-0"]
[WhiteElo "2274"]
[BlackElo "2421"]
[Annotator "TA"]
[PlyCount "95"]
[EventDate "2024.07.01"]
[EventType "team-tourn"]
[EventCountry "POL"]
[SourceTitle "playchess.com"]
[Source "ChessBase"]
[SourceQuality "1"]

1. Nf3 Nf6 2. c4 c5 3. d4 cxd4 4. Nxd4 b6 5. Nc3 Bb7 6. f3 e6 7. e4 d6 8. Be3 Be7 9. Be2 O-O 10. O-O Nbd7 11. Qd2 a6 12. Rfd1 Rc8 13. Rac1 Qc7 14. Bf1 Qb8 15. b4 Bd8 16. Nb3 Bc7 17. Bf4 Ne8 18. Kh1 Rd8 19. Qf2 Qa8 20. Bg3 h6 21. c5 dxc5 22. Bxc7 Nxc7 23. bxc5 bxc5 24. Na4 Nb5 25. Rxd7 Rxd7 26. Nb6 Qd8 27. Nxd7 Qxd7 28. Nxc5 Qc6 29. a4 Nd6 30. Qb2 Rc8 31. Qb4 Qc7 32. Nb3 a5 33. Qd4 Qxc1 34. Nxc1 Rxc1 35. Qd3 Nc4 36. Kg1 Bc6 37. Kf2 Bxa4 38. Qd8+ Kh7 39. Bxc4 Rxc4 40. Qxa5 g6 41. Ke3 Bc6 42. h4 Kg8 43. Kf4 Rc2 44. Ke5 Kg7 45. Kd6 Be8 46. Ke7 Rc8 47. Qa6 Rb8 48. Qa7 1-0